000 00622nam a2200241Ia 4500
003 OSt
005 20220928104952.0
006 a|||||r|||| 00| 0
007 ta
008 220927b |||||||| |||| 00| 0 eng d
024 _a65681
037 _cTextual
040 _aSDCL
_cSDCL
_beng
041 _2eng
_aeng
082 _aO142x, N2
100 _aBedavin M Ya Ed.
_9413092
245 0 _aTepli Osham Almanax
260 _aMoscow
_bTepli Stan
_c1992
300 _a320p
_ccm.
650 _aLiterature Russian
_9413093
942 _hO142x, N2
_cTEXL
_2CC
999 _c728846
_d728846